000
00296nam a2200121Ia 4500
005
20251222152036.0
008
251222s9999||||xx |||||||||||||| ||spa||
082
_a
635.982/P93
100
_a
Puig Ulloa, Paola
245
0
_a
Naturaleza en casa
264
_b
Centro de Investigación
942
_c
LIB
999
_c
25863
_d
25863